Bond Film by Theme Song Singer Quiz Stats

Quiz not verified by Sporcle

Challenge
Share
Tweet
Embed
Score 0/23 Timer 04:00
0 Plays Today
Singer Film % Correct
AdeleSkyfall
96.7%
Shirley BasseyGoldfinger
93.3%
Paul McCartneyLive and Let Die
90%
Chris CornellCasino Royale
90%
Duran DuranA View to a Kill
86.7%
MadonnaDie Another Day
86.7%
Monty NormanDr. No
83.3%
Carly SimonThe Spy Who Loved Me
83.3%
Tina TurnerGoldenEye
83.3%
Jack White & Alicia KeysQuantum of Solace
83.3%
Tom JonesThunderball
80%
A-haThe Living Daylights
80%
Singer Film % Correct
Sheryl CrowTomorrow Never Dies
80%
GarbageThe World Is Not Enough
80%
Matt MonroFrom Russia with Love
73.3%
Nancy SinatraYou Only Live Twice
73.3%
Louis ArmstrongOn Her Majesty's Secret Service
73.3%
Shirley BasseyDiamonds Are Forever
73.3%
LuluThe Man with the Golden Gun
73.3%
Rita CoolidgeOctopussy
73.3%
Shirley BasseyMoonraker
70%
Sheena EastonFor Your Eyes Only
63.3%
Gladys KnightLicence to Kill
60%

You're not logged in!

Compare scores with friends on all Sporcle quizzes.
Sign Up with Email
OR
Log In

You Might Also Like...

Show Comments

Extras

Top Quizzes Today


Score Distribution

Your Account Isn't Verified!

In order to create a playlist on Sporcle, you need to verify the email address you used during registration. Go to your Sporcle Settings to finish the process.